| 000 | 00541nam a2200169 i 4500 | ||
|---|---|---|---|
| 001 | 92551 | ||
| 003 | ES-MaACL | ||
| 005 | 20230906181010.0 | ||
| 007 | t| | ||
| 008 | 050310s1960 sp ||||1| spa d | ||
| 100 | 1 |
_aLippman, Hyman Shalit. _972503 |
|
| 245 | 1 | 3 |
_aEl tratamiento de los niños con conflictos emocionales / _cHyman Shalit Lippman; traducción del inglés por J. A. Vila. |
| 260 |
_aMadrid : _bPaz Montalvo, _c1960. |
||
| 300 |
_aX, 353 p. ; _c22 cm. |
||
| 700 | 1 |
_aVila, J. A. _9114692 |
|
| 852 |
_aES-MaACL _jC-19027 _bR.46777 |
||
| 999 |
_c92551 _d92551 |
||